| 000 | 00835nam a2200313 a 4500 | ||
|---|---|---|---|
| 003 | AR-BaBNM | ||
| 005 | 20251128204531.0 | ||
| 008 | 082120s2002 ||||||||||||||000 | spa|| | ||
| 020 | _a950-07-0039-5 | ||
| 040 | _cAR-BaBNM | ||
| 100 | 1 | _aLuna, Félix | |
| 245 | 0 | 0 | _aBuenos Aires y el país |
| 250 | _a8ª ed. | ||
| 260 |
_aBuenos Aires _bSudamericana _c1994 |
||
| 300 | _a225 p. | ||
| 650 | 4 | _aHISTORIA ARGENTINA | |
| 650 | 4 | _aHISTORIA DE BUENOS AIRES | |
| 650 | 4 | _aHISTORIA PROVINCIAL ARGENTINA | |
| 650 | 4 | _aCIUDADES | |
| 650 | 4 | _aPUERTOS | |
| 650 | 4 | _aPERIODO HISPANICO | |
| 650 | 4 | _aVIRREINATO DEL RIO DE LA PLATA | |
| 650 | 4 | _aPERIODO INDEPENDIENTE | |
| 650 | 4 | _aGUERRAS CIVILES ARGENTINAS | |
| 650 | 4 | _aORGANIZACION NACIONAL | |
| 650 | 4 | _aFEDERALIZACION DE BUENOS AIRES | |
| 942 | _cBK | ||
| 998 | _cMarce | ||
| 999 |
_c7817 _d7817 |
||